[Event "Champ FRA - Under 12"]
[Site "Europe Echecs"]
[Date "2020.07.08"]
[Round "7"]
[White "CaullychurnAmb"]
[Black "TroadecMelusin"]
[Result "1/2-1/2"]
[WhiteElo "1051"]
[BlackElo "1251"]
[PlyCount "124"]
[EventDate "2020.??.??"]

1. e4 e5 2. Nf3 Nc6 3. Bc4 Bc5 4. c3 Nf6 5. d4 exd4 6. cxd4 Bb4+ 7. Bd2 Nxe4 8.
Bxb4 Nxb4 9. Bxf7+ Kf8 10. Qb3 Qe7 11. Ne5 Nf6 12. O-O Nc6 13. Nxc6 dxc6 14.
Bc4 b5 15. Bd3 Be6 16. Qc2 Bd5 17. Nd2 Qb4 18. Qc5+ Qxc5 19. dxc5 Kf7 20. Rfe1
Rhe8 21. b3 Kg8 22. f3 a5 23. a4 Rab8 24. axb5 cxb5 25. Rxe8+ Rxe8 26. Rxa5 c6
27. Ra6 Nd7 28. b4 Ne5 29. Be4 Bxe4 30. Nxe4 Rd8 31. f4 Nd3 32. Rxc6 Nxb4 33.
Rb6 Nd3 34. Rxb5 Nxf4 35. c6 Rc8 36. Rc5 Ne6 37. Rc4 Nd8 38. c7 Ne6 39. g4 Rxc7
40. Rxc7 Nxc7 41. h4 Kf7 42. Kg2 Kg6 43. Kf3 Ne6 44. h5+ Kh6 45. Kg3 g6 46.
hxg6 hxg6 47. Kh4 Nf4 48. g5+ Kg7 49. Kg4 Ne6 50. Nd6 Kf8 51. Ne4 Ke7 52. Nf6
Kd6 53. Ne8+ Ke5 54. Nf6 Kd4 55. Nd7 Ke4 56. Nf6+ Kd4 57. Nd7 Ke3 58. Ne5 Nf4
59. Nxg6 Nxg6 60. Kf5 Nf8 61. Kf6 Nh7+ 62. Kg6 Nxg5 {Aucun joueur n'a le
mat&eacute;riel pour mater} 1/2-1/2

[Event "Champ FRA - Under 12"]
[Site "Europe Echecs"]
[Date "2020.07.08"]
[Round "7"]
[White "ClaveriePaul"]
[Black "ZejliMehdi"]
[Result "0-1"]
[WhiteElo "1041"]
[BlackElo "1241"]
[PlyCount "42"]
[EventDate "2020.??.??"]

1. e4 e6 2. d4 d5 3. exd5 exd5 4. Nf3 Nf6 5. Nc3 Bb4 6. Bd2 Nc6 7. Qe2+ Be6 8.
O-O-O O-O 9. Kb1 Bxc3 10. Bxc3 Ne4 11. Nd2 Nxc3+ 12. bxc3 Re8 13. Qd3 Qf6 14.
Nf3 Bf5 15. Qd2 Bg4 16. Ka1 Bxf3 17. gxf3 Qxf3 18. Be2 Rxe2 19. Qg5 Rxc2 20.
Rb1 Qxf2 21. Rhg1 Rxa2# {ClaveriePaul est échec et mat} 0-1

[Event "Champ FRA - Under 12"]
[Site "Europe Echecs"]
[Date "2020.07.08"]
[Round "7"]
[White "BonfilsDussaux"]
[Black "BouvierMenardB"]
[Result "1-0"]
[WhiteElo "1240"]
[BlackElo "1034"]
[PlyCount "123"]
[EventDate "2020.??.??"]

1. d4 d5 2. c4 c6 3. Nc3 Nf6 4. Nf3 e6 5. cxd5 exd5 6. Bg5 Bf5 7. e3 Nbd7 8.
Bd3 Bg6 9. O-O Qb6 10. Bxg6 hxg6 11. b3 Bd6 12. Rc1 Ng4 13. h3 f6 14. Bf4 Bxf4
15. exf4 Nh6 16. Qe2+ Kf7 17. Rfe1 Nf5 18. Qe6+ Kf8 19. Qxd7 Rd8 20. Qe6 Nxd4
21. Nxd4 Qxd4 22. Qe7+ Kg8 23. Qxd8+ Kh7 24. Qe7 Qxf4 25. Qe3 Qxe3 26. fxe3 Re8
27. Kf2 Kh6 28. e4 dxe4 29. Rxe4 Rxe4 30. Nxe4 Kh5 31. Ng3+ Kg5 32. Rc5+ Kf4
33. Rc4+ Ke5 34. Re4+ Kd5 35. Ke3 f5 36. Re7 g5 37. Rxg7 f4+ 38. Kf3 fxg3 39.
Kxg3 b6 40. Rxg5+ Kd4 41. h4 Kc3 42. h5 Kb2 43. h6 Kxa2 44. h7 Kxb3 45. h8=Q c5
46. Qb8 c4 47. Qxa7 c3 48. Qxb6+ Kc2 49. Qc5 Kd3 50. Qxc3+ Kxc3 51. Rf5 Kd4 52.
Kf4 Kd3 53. g4 Kd4 54. g5 Kd3 55. g6 Ke2 56. g7 Kf2 57. g8=Q Ke2 58. Qe6+ Kd3
59. Rd5+ Kc4 60. Qc6+ Kb4 61. Rb5+ Ka4 62. Qa6# {BouvierMenardB est échec et
mat} 1-0

[Event "Champ FRA - Under 12"]
[Site "Europe Echecs"]
[Date "2020.07.08"]
[Round "7"]
[White "LamorelleAlexe"]
[Black "GresserHugo"]
[Result "1/2-1/2"]
[WhiteElo "1009"]
[BlackElo "1230"]
[PlyCount "126"]
[EventDate "2020.??.??"]

1. e4 d5 2. exd5 Nf6 3. Nc3 Nxd5 4. Nf3 Bg4 5. Bc4 Nxc3 6. bxc3 Nc6 7. d4 e5 8.
dxe5 Nxe5 9. Qxd8+ Rxd8 10. Bg5 f6 11. Nxe5 fxg5 12. Bf7+ Ke7 13. Nxg4 Kxf7 14.
Ke2 Bc5 15. Rad1 Rhe8+ 16. Kf3 Kg6 17. Rhe1 Rxe1 18. Rxe1 h5 19. Ne5+ Kh6 20.
Nf7+ Kg6 21. Nxd8 b6 22. Nc6 a5 23. Re2 Bd6 24. Ke4 Bxh2 25. g3 h4 26. gxh4
gxh4 27. f4 Bg3 28. Rg2 Kh5 29. Ne5 g5 30. fxg5 Kxg5 31. Nf3+ Kg4 32. Nd2 h3
33. Rg1 h2 34. Rh1 Kh3 35. Kd5 Kg2 36. Rxh2+ Bxh2 37. Kc6 Kf2 38. Nc4 Ke2 39.
Kb5 Kd1 40. Na3 Kc1 41. Kc4 Kb2 42. Nb5 Kxc2 43. a4 Be5 44. Nd4+ Kb2 45. Nb5
Kc1 46. Nd4 Kd2 47. Nb5 Ke3 48. Nd4 Bxd4 49. cxd4 Ke4 50. Kb5 Kxd4 51. Kc6 Kc4
52. Kxc7 Kb4 53. Kxb6 Kxa4 54. Kc5 Ka3 55. Kc4 a4 56. Kc3 Ka2 57. Kc2 a3 58.
Kc1 Kb3 59. Kb1 Kb4 60. Ka2 Ka4 61. Ka1 Kb3 62. Kb1 a2+ 63. Ka1 Ka3 {Nulle par
pat} 1/2-1/2

[Event "Champ FRA - Under 12"]
[Site "Europe Echecs"]
[Date "2020.07.08"]
[Round "7"]
[White "BernardiAlexan"]
[Black "NunesSoubeyranE"]
[Result "1-0"]
[WhiteElo "999"]
[BlackElo "1220"]
[PlyCount "41"]
[EventDate "2020.??.??"]

1. e4 e5 2. f4 d6 3. Nf3 Nc6 4. Bb5 Nf6 5. Nc3 Be7 6. Bxc6+ bxc6 7. fxe5 dxe5
8. Nxe5 O-O 9. Nxc6 Qd6 10. Nxe7+ Qxe7 11. d3 Bb7 12. Qf3 Rfe8 13. O-O Rad8 14.
Bg5 Qc5+ 15. Qf2 Qxg5 16. Qxa7 Bxe4 17. dxe4 Nxe4 18. Nxe4 Rxe4 19. Qf2 Rd2 20.
Qxf7+ Kh8 21. Qf8# {NunesSoubeyranE est échec et mat} 1-0

[Event "Champ FRA - Under 12"]
[Site "Europe Echecs"]
[Date "2020.07.08"]
[Round "7"]
[White "DumasGustave"]
[Black "BuchlinAlexis"]
[Result "1-0"]
[WhiteElo "999"]
[BlackElo "1191"]
[PlyCount "59"]
[EventDate "2020.??.??"]

1. c4 f5 2. d4 Nf6 3. Nf3 e6 4. Bf4 Nc6 5. Nc3 a5 6. e3 a4 7. Nxa4 Ne4 8. Bd3
g5 9. Bg3 h5 10. Be5 Nxe5 11. Nxe5 c6 12. Bxe4 fxe4 13. O-O d5 14. c5 b5 15.
Nb6 Ra6 16. Nxc6 Qc7 17. Nb4 Ra7 18. Re1 h4 19. Qg4 e5 20. Qe2 exd4 21. N4xd5
Qe5 22. Nxc8 Rb7 23. Nb4 h3 24. g3 d3 25. Qd2 Rc7 26. Nb6 Bxc5 27. N4d5 Rf7 28.
Qa5 Qf5 29. Qa8+ Qc8 30. Qxc8# {BuchlinAlexis est échec et mat} 1-0

[Event "Champ FRA - Under 12"]
[Site "Europe Echecs"]
[Date "2020.07.08"]
[Round "7"]
[White "FontaineMaelys"]
[Black "VandenbusscheT"]
[Result "1-0"]
[WhiteElo "1500"]
[BlackElo "999"]
[PlyCount "63"]
[EventDate "2020.??.??"]

1. d4 d5 2. Bf4 e6 3. Nf3 Nc6 4. e3 Bb4+ 5. c3 Bd6 6. Ne5 Nf6 7. Bd3 Nh5 8.
Nxc6 Nxf4 9. Nxd8 Kxd8 10. exf4 Bxf4 11. O-O Ke7 12. Qg4 Bd6 13. Qxg7 Bd7 14.
Qg5+ Ke8 15. Nd2 Be7 16. Qe3 Bc6 17. Nf3 Kd7 18. Ne5+ Kd6 19. Nxc6 bxc6 20. Ba6
Rag8 21. Qe5+ Kd7 22. Rfc1 Bd6 23. Qf6 Be7 24. Qxf7 Rf8 25. Qh5 Rf5 26. Qh3 Rg8
27. Qxh7 Rfg5 28. g3 R8g7 29. Qd3 Rg4 30. c4 dxc4 31. Qxc4 Kd6 32. Qxc6# {
VandenbusscheT est échec et mat} 1-0

[Event "Champ FRA - Under 12"]
[Site "Europe Echecs"]
[Date "2020.07.08"]
[Round "7"]
[White "PaineauMael"]
[Black "BollengierRoma"]
[Result "0-1"]
[WhiteElo "1121"]
[BlackElo "1484"]
[PlyCount "80"]
[EventDate "2020.??.??"]

1. e4 c5 2. b3 Nc6 3. Bb2 d6 4. Nf3 Nf6 5. Nc3 g6 6. Nd5 Bg7 7. Nxf6+ Bxf6 8.
Bxf6 exf6 9. Bb5 O-O 10. O-O a6 11. Bc4 Ne5 12. Nxe5 fxe5 13. a4 Rb8 14. c3 b5
15. axb5 axb5 16. Bd3 Be6 17. b4 cxb4 18. cxb4 Bc4 19. Qf3 Qb6 20. Rfc1 Rfc8
21. Qe2 Qd4 22. Bxc4 bxc4 23. Ra4 c3 24. dxc3 Rxc3 25. Rxc3 Qxc3 26. h3 Rxb4
27. Ra8+ Kg7 28. Ra7 Qc4 29. Qf3 Qe6 30. Kh2 Rb3 31. Qe2 d5 32. Qa2 dxe4 33.
Qe2 Qb6 34. Re7 e3 35. Rxe5 exf2 36. Rd5 Qc7+ 37. Kh1 Rb1+ 38. Rd1 Rxd1+ 39.
Qxd1 Qc4 40. Qa1+ Kh6 {PaineauMael a abandonné} 0-1

[Event "Champ FRA - Under 12"]
[Site "Europe Echecs"]
[Date "2020.07.08"]
[Round "7"]
[White "NegreMaxime"]
[Black "ValentinAnasta"]
[Result "1-0"]
[WhiteElo "1105"]
[BlackElo "1360"]
[PlyCount "59"]
[EventDate "2020.??.??"]

1. e4 e5 2. Nf3 Nc6 3. Bc4 h6 4. d3 Nf6 5. Nc3 Bb4 6. a3 Bxc3+ 7. bxc3 O-O 8.
Be3 d6 9. h3 d5 10. exd5 Nxd5 11. Qd2 Re8 12. O-O a6 13. Rab1 b5 14. Bb3 Nf6
15. d4 e4 16. Ne1 Nd5 17. Bf4 Nxf4 18. Qxf4 Re6 19. Bxe6 Bxe6 20. Qxe4 Qg5 21.
Qxc6 Rf8 22. Qf3 Bd5 23. Qg3 Qf5 24. Nd3 Re8 25. Rfe1 Rd8 26. Qxc7 Qg5 27. Qg3
Qf6 28. Re3 Rd6 29. Rbe1 Qf5 30. Qxd6 {ValentinAnasta a abandonné} 1-0

[Event "Champ FRA - Under 12"]
[Site "Europe Echecs"]
[Date "2020.07.08"]
[Round "7"]
[White "RoblinOlivier"]
[Black "EhrhardEmeric"]
[Result "1-0"]
[WhiteElo "1352"]
[BlackElo "1096"]
[PlyCount "151"]
[EventDate "2020.??.??"]

1. e4 c5 2. Nf3 Nc6 3. d4 cxd4 4. Nxd4 e5 5. Nf3 d6 6. Nc3 Bg4 7. Be2 Nf6 8. h3
Bh5 9. Bg5 Be7 10. O-O O-O 11. Bxf6 Bxf6 12. Nd5 Bg6 13. Nd2 Nd4 14. Re1 Bg5
15. Bc4 Qa5 16. c3 Nc6 17. Nb3 Qd8 18. Bb5 Ne7 19. Nxe7+ Qxe7 20. Nd2 Rad8 21.
Bc4 Kh8 22. Nb1 f5 23. f3 fxe4 24. fxe4 Rf4 25. Bd5 b6 26. Na3 Qd7 27. Nc2 Qa4
28. g3 Rff8 29. Nb4 Qd7 30. Kg2 h6 31. Rf1 Rxf1 32. Qxf1 Bf6 33. Qe2 Bf7 34.
Rf1 Bxd5 35. Nxd5 Rf8 36. g4 Kh7 37. b3 Be7 38. Rxf8 Bxf8 39. Qf3 Kg8 40. Qf5
Qxf5 41. gxf5 Kh7 42. c4 g6 43. fxg6+ Kxg6 44. Kg3 Kg5 45. Nc7 h5 46. Ne6+ Kf6
47. Nxf8 Ke7 48. Nh7 Kf7 49. h4 Kg6 50. Ng5 Kf6 51. Kf3 Ke7 52. Ke3 Kd7 53. Kf2
Ke7 54. Ke2 Kd7 55. Kd3 Kc6 56. Kc3 b5 57. a3 a6 58. b4 d5 59. exd5+ Kd6 60.
Ne6 Ke7 61. c5 Kd7 62. Ng5 Ke7 63. d6+ Kd7 64. Nf3 Ke6 65. Kd3 Kd7 66. Nxe5+
Kc8 67. c6 Kd8 68. Nf7+ Ke8 69. c7 Kd7 70. Ne5+ Kc8 71. Nc6 Kd7 72. Ne7 Kxd6
73. c8=Q Kxe7 74. Qxa6 Kf7 75. Ke4 Kg7 76. Qe6 {EhrhardEmeric a abandonné} 1-0

[Event "Champ FRA - Under 12"]
[Site "Europe Echecs"]
[Date "2020.07.08"]
[Round "7"]
[White "TurcuLaura"]
[Black "FlagielloFranc"]
[Result "0-1"]
[WhiteElo "1006"]
[BlackElo "1293"]
[PlyCount "56"]
[EventDate "2020.??.??"]

1. e4 e5 2. Nf3 Nc6 3. Bc4 Nf6 4. Ng5 Nxe4 5. Nxf7 Qh4 6. g3 Nxg3 7. fxg3 Qe4+
8. Qe2 Qxh1+ 9. Kf2 Bc5+ 10. Qe3 Qxh2+ 11. Kf3 Bxe3 12. dxe3 O-O 13. Bd2 Rxf7+
14. Bxf7+ Kxf7 15. Bc3 Qxc2 16. Nd2 Qf5+ 17. Ke2 Qg4+ 18. Kd3 Qxg3 19. Rf1+ Kg8
20. Ne4 Qg6 21. a4 d5 22. Ke2 Qxe4 23. a5 d4 24. Bd2 dxe3 25. Bxe3 Nd4+ 26. Kf2
Bg4 27. Kg1 Nf3+ 28. Rxf3 Qxf3 {TurcuLaura a abandonné} 0-1

[Event "Champ FRA - Under 12"]
[Site "Europe Echecs"]
[Date "2020.07.08"]
[Round "7"]
[White "AlsaiedZeina"]
[Black "ColinPenelope"]
[Result "1-0"]
[WhiteElo "1061"]
[BlackElo "1290"]
[PlyCount "103"]
[EventDate "2020.??.??"]

1. e4 e5 2. Nf3 Nc6 3. Bc4 Bc5 4. d3 Nf6 5. Ng5 O-O 6. O-O h6 7. Nf3 d6 8. h3
Be6 9. Bb3 a5 10. Nc3 Bxb3 11. axb3 Bb4 12. Bd2 Nd4 13. Nd5 Nxd5 14. exd5 Bxd2
15. Nxd2 c6 16. c3 Nf5 17. c4 Qg5 18. Nf3 Qg6 19. dxc6 bxc6 20. g3 Rfe8 21. Re1
Re6 22. b4 Qh5 23. Kh2 Rf6 24. g4 Qg6 25. gxf5 Qxf5 26. Re3 Qf4+ 27. Kg1 Rg6+
28. Kf1 Rf6 29. Rxa5 Rxa5 30. bxa5 d5 31. cxd5 cxd5 32. d4 e4 33. a6 Rxa6 34.
Ne5 Rf6 35. Re2 e3 36. Ng4 Rf5 37. Nxe3 Rh5 38. Ng2 Qh2 39. Re8+ Kh7 40. Qxh5
Qh1+ 41. Ke2 Qxg2 42. Qf5+ Qg6 43. Qxg6+ Kxg6 44. b4 Kf6 45. b5 g5 46. b6 Kg6
47. b7 Kf6 48. b8=Q Kg6 49. Qd6+ Kh5 50. Qxd5 Kh4 51. Re4+ Kh5 52. Qxf7# {
ColinPenelope est échec et mat} 1-0

[Event "Champ FRA - Under 12"]
[Site "Europe Echecs"]
[Date "2020.07.08"]
[Round "7"]
[White "MenceEline"]
[Black "ChareyreMathie"]
[Result "1-0"]
[WhiteElo "1264"]
[BlackElo "1080"]
[PlyCount "65"]
[EventDate "2020.??.??"]

1. d4 d5 2. Bf4 Nc6 3. e3 Nf6 4. Nf3 Bg4 5. c3 a6 6. Nbd2 h6 7. Be2 e6 8. Ne5
Bxe2 9. Qxe2 Nxe5 10. dxe5 Nd7 11. Bg3 Bc5 12. f4 Qe7 13. O-O f6 14. Qh5+ Qf7
15. Qxf7+ Kxf7 16. Rfe1 Rhf8 17. exf6 Nxf6 18. Nf3 Kg8 19. Ne5 Rad8 20. Bh4 Rd6
21. Bxf6 Rxf6 22. g3 Rd7 23. Nxd7 Bxe3+ 24. Rxe3 Rf7 25. Nc5 b6 26. Nxe6 Re7
27. Re2 Kf7 28. Nd4 Rd7 29. Rae1 c5 30. Nc6 Rc7 31. Re7+ Rxe7 32. Rxe7+ Kg6 33.
Rb7 {ChareyreMathie a abandonné} 1-0

[Event "Champ FRA - Under 12"]
[Site "Europe Echecs"]
[Date "2020.07.08"]
[Round "7"]
[White "MechoulanDanie"]
[Black "GourarMariem"]
[Result "1-0"]
[WhiteElo "1140"]
[BlackElo "1062"]
[PlyCount "103"]
[EventDate "2020.??.??"]

1. Nf3 d5 2. g3 Nc6 3. Bg2 e5 4. d3 Nf6 5. O-O Bg4 6. e4 d4 7. c4 Bc5 8. Bg5
O-O 9. Nbd2 h6 10. Bxf6 Qxf6 11. Nb3 Be7 12. Re1 Qg6 13. Kf1 Bg5 14. Qc2 Bxf3
15. Bxf3 Qf6 16. Bg2 Nb4 17. Qe2 Nc6 18. Nc5 Rab8 19. Nd7 Qg6 20. Nxf8 Kxf8 21.
Rec1 Bxc1 22. Rxc1 Qg5 23. Rc2 Nb4 24. Rd2 Nxa2 25. b3 Nc3 26. Qe1 Rd8 27. h4
Qg4 28. f3 Qg6 29. g4 h5 30. g5 f6 31. gxf6 Qxf6 32. Qf2 Qf4 33. Ke1 Qh2 34.
Rc2 Nb1 35. Bf1 Na3 36. Qxh2 Nxc2+ 37. Kd1 Ne3+ 38. Ke2 Nxf1 39. Kxf1 Rd6 40.
Qxe5 Ra6 41. Qxd4 Ra3 42. b4 Rb3 43. b5 c6 44. bxc6 bxc6 45. Qxa7 Rxd3 46. Qb8+
Kf7 47. Qc7+ Kf6 48. Qxc6+ Kf7 49. f4 Rf3+ 50. Ke2 Rxf4 51. Qc7+ Kf8 52. Qxf4+
{GourarMariem a abandonné} 1-0

[Event "Champ FRA - Under 12"]
[Site "Europe Echecs"]
[Date "2020.07.08"]
[Round "7"]
[White "LoszycerSasha"]
[Black "FernandesMerle"]
[Result "1/2-1/2"]
[WhiteElo "1162"]
[BlackElo "1461"]
[PlyCount "149"]
[EventDate "2020.??.??"]

1. d4 d5 2. c4 dxc4 3. e3 Nc6 4. Bxc4 Nf6 5. Nc3 Bf5 6. Nf3 e6 7. O-O Bb4 8. a3
Bxc3 9. bxc3 Na5 10. Bd3 O-O 11. Bxf5 exf5 12. Bd2 Nc4 13. Qc2 Ne4 14. Rad1
Nxa3 15. Qb3 Nxd2 16. Rxd2 Qd6 17. Ra2 Nb5 18. Qxb5 Qe6 19. Rfa1 a6 20. Qxb7
Rab8 21. Qxa6 Rb6 22. Qe2 Rfb8 23. Qc2 Qe4 24. h3 Qxc2 25. Rxc2 Rb1+ 26. Rxb1
Rxb1+ 27. Kh2 Rf1 28. Ra2 g6 29. Ra7 Rxf2 30. Rxc7 Re2 31. Re7 Kg7 32. c4 Kf6
33. Ra7 Rxe3 34. c5 Rc3 35. Ra5 g5 36. d5 g4 37. hxg4 fxg4 38. Nh4 Ke5 39. c6
Kd6 40. Ra7 Kxd5 41. c7 Kd6 42. c8=Q Rxc8 43. Rxf7 h5 44. Rf5 Rh8 45. Kg3 Ke6
46. Kf4 Rh7 47. g3 Rh6 48. Re5+ Kf6 49. Nf5 Rh8 50. Nh4 Rh6 51. Rf5+ Ke6 52.
Rf8 Rf6+ 53. Rxf6+ Kxf6 54. Nf5 Kg6 55. Ne3 Kf6 56. Ng2 Kg6 57. Nh4+ Kf6 58.
Nf5 Kg6 59. Nd6 Kf6 60. Ne8+ Kg6 61. Nc7 Kf6 62. Nd5+ Kg6 63. Ke3 Kf5 64. Nf4
Kg5 65. Ke4 h4 66. Ne6+ Kh5 67. Ng7+ Kg5 68. Ne6+ Kh5 69. Nf4+ Kg5 70. gxh4+
Kxh4 71. Ng2+ Kh3 72. Ne1 g3 73. Ke3 Kh2 74. Kf3 g2 75. Nxg2 {Aucun joueur n'a
le mat&eacute;riel pour mater} 1/2-1/2

[Event "Champ FRA - Under 12"]
[Site "Europe Echecs"]
[Date "2020.07.08"]
[Round "7"]
[White "DemaimayOscar"]
[Black "FaidiSami"]
[Result "0-1"]
[WhiteElo "1141"]
[BlackElo "1394"]
[PlyCount "38"]
[EventDate "2020.??.??"]

1. d4 Nf6 2. g4 d5 3. h4 g6 4. g5 Ne4 5. f3 Ng3 6. Bf4 Nxh1 7. Bg2 h6 8. Bxh1
hxg5 9. Bxg5 f6 10. Be3 Rxh4 11. Bg2 Bh6 12. Qd3 Bf5 13. Qb5+ c6 14. Qxb7 Bxe3
15. Qxa8 Qc7 16. Nh3 Qg3+ 17. Kd1 Rxd4+ 18. Nd2 Rxd2+ 19. Kc1 Qe1# {
DemaimayOscar est échec et mat} 0-1

[Event "Champ FRA - Under 12"]
[Site "Europe Echecs"]
[Date "2020.07.08"]
[Round "7"]
[White "TournabienPaul"]
[Black "PoyetClemence"]
[Result "1-0"]
[WhiteElo "1330"]
[BlackElo "1160"]
[PlyCount "73"]
[EventDate "2020.??.??"]

1. e4 e5 2. Nf3 Nc6 3. Nc3 Nf6 4. Bb5 Bb4 5. Bxc6 dxc6 6. h3 O-O 7. Nxe5 Bd6 8.
Nc4 Be6 9. Nxd6 Qxd6 10. O-O Bc4 11. d3 Be6 12. Re1 Qc5 13. Be3 Qb4 14. Bd2
Qxb2 15. Rb1 Qa3 16. e5 Nd5 17. Nxd5 Bxd5 18. Bb4 Qa4 19. Bxf8 Rxf8 20. c4 Qxd1
21. Rexd1 Be6 22. Rxb7 a5 23. Rdb1 h6 24. Rxc7 Rd8 25. Rxc6 Rxd3 26. Rb8+ Kh7
27. c5 Bxa2 28. Ra6 Ra3 29. c6 Bc4 30. Rab6 a4 31. c7 Be6 32. Rxe6 fxe6 33.
c8=Q Ra1+ 34. Kh2 a3 35. Qxe6 a2 36. Qf5+ g6 37. Qf7# {PoyetClemence est
échec et mat} 1-0

[Event "Champ FRA - Under 12"]
[Site "Europe Echecs"]
[Date "2020.07.08"]
[Round "7"]
[White "LarioumlilWass"]
[Black "CrouzierSimon"]
[Result "1-0"]
[WhiteElo "1295"]
[BlackElo "1140"]
[PlyCount "57"]
[EventDate "2020.??.??"]

1. e4 e5 2. Nf3 Nc6 3. d4 exd4 4. c3 dxc3 5. Nxc3 Nf6 6. Bc4 Bc5 7. Qb3 O-O 8.
Ng5 h6 9. Nxf7 Qe8 10. Nd6+ Qe6 11. Bxe6+ dxe6 12. Nxc8 Raxc8 13. Qxe6+ Kh8 14.
Bd2 Rce8 15. Qc4 Re7 16. Qxc5 Rfe8 17. O-O-O b6 18. Qxc6 Re6 19. Qb7 Nxe4 20.
Nxe4 Rxe4 21. Rhe1 Rxe1 22. Rxe1 Rxe1+ 23. Bxe1 Kh7 24. Qe4+ Kh8 25. Qg6 Kg8
26. Bc3 Kf8 27. Bxg7+ Kg8 28. Bxh6+ Kh8 29. Qg7# {CrouzierSimon est échec et
mat} 1-0

[Event "Champ FRA - Under 12"]
[Site "Europe Echecs"]
[Date "2020.07.08"]
[Round "7"]
[White "BalloyAlix"]
[Black "PolaertClarenc"]
[Result "1-0"]
[WhiteElo "1130"]
[BlackElo "1280"]
[PlyCount "205"]
[EventDate "2020.??.??"]

1. e4 e6 2. Nc3 d5 3. exd5 exd5 4. Nf3 Bd6 5. Be2 Nf6 6. O-O c5 7. d4 c4 8. a3
Nc6 9. Bg5 Be7 10. Ne5 Qc7 11. Nf3 O-O 12. Nb5 Qd7 13. Ne5 Nxe5 14. dxe5 Ng4
15. Bxe7 Qxe7 16. Bxg4 Bd7 17. Nd6 b6 18. Nf5 Qxe5 19. Nh6+ gxh6 20. Bxd7 Qxb2
21. Qg4+ Kh8 22. Qh5 Qg7 23. Bc6 Rad8 24. Rad1 Rg8 25. g3 d4 26. Bb5 c3 27. Bc4
Rgf8 28. Rfe1 Rd7 29. Bb5 Rd6 30. Re7 Rf6 31. Rxd4 Rxf2 32. Red7 Rxc2 33. Rd8
Rc1+ 34. Kg2 c2 35. Rxf8+ Qxf8 36. Qe5+ f6 37. Qe3 Qa8+ 38. Kh3 Qc8+ 39. Bd7
Re1 40. Bxc8 Rxe3 41. Rc4 Re1 42. Rxc2 Kg7 43. Bf5 Ra1 44. Rc7+ Kf8 45. Rxa7 b5
46. Bxh7 b4 47. Ra8+ Kg7 48. Ra7+ Kh8 49. Bc2 Kg8 50. Bb3+ Kf8 51. Rf7+ Ke8 52.
axb4 Rb1 53. Bd5 Rf1 54. b5 Rf5 55. Be6 Rh5+ 56. Kg4 Rxb5 57. Rxf6 Rb4+ 58. Kh3
h5 59. Bf7+ Kd8 60. Bxh5 Rb2 61. Rd6+ Ke7 62. Ra6 Rb4 63. g4 Rb3+ 64. Kh4 Rb4
65. Rg6 Rf4 66. Rg5 Rb4 67. Rf5 Rd4 68. Rf7+ Ke6 69. Rf8 Ke5 70. Re8+ Kf6 71.
Rf8+ Kg7 72. Rf7+ Kh6 73. Rf6+ Kg7 74. Rf7+ Kg8 75. Kg3 Rd3+ 76. Kf4 Rd4+ 77.
Ke3 Rd5 78. Rf5 Rd6 79. Bf7+ Kh7 80. g5 Kg7 81. Bc4 Rc6 82. Bd5 Rc3+ 83. Kd4
Rc2 84. Be4 Rd2+ 85. Ke3 Rd6 86. Rf6 Rxf6 87. gxf6+ Kxf6 88. Kf3 Ke5 89. h4 Kf6
90. Bc6 Kg6 91. Kg4 Kf6 92. h5 Ke6 93. Kg5 Kd6 94. Be4 Ke5 95. Bg6 Ke6 96. h6
Ke7 97. h7 Kf8 98. h8=Q+ Ke7 99. Qf6+ Kd7 100. Bf5+ Kc7 101. Kf4 Kb8 102. Qf7
Ka8 103. Be4+ {PolaertClarenc a perdu au temps} 1-0

[Event "Champ FRA - Under 12"]
[Site "Europe Echecs"]
[Date "2020.07.08"]
[Round "7"]
[White "MartoianSeda"]
[Black "DuboisGabriel"]
[Result "1-0"]
[WhiteElo "1278"]
[BlackElo "1124"]
[PlyCount "113"]
[EventDate "2020.??.??"]

1. e4 e5 2. Nf3 Nc6 3. Bb5 Bc5 4. O-O d6 5. c3 Bd7 6. d4 exd4 7. cxd4 Bb6 8.
Nc3 a6 9. Ba4 Nge7 10. Re1 O-O 11. Bg5 h6 12. Bf4 Ng6 13. Bg3 Qf6 14. Qd2 Bg4
15. d5 Nce7 16. Bd1 Ne5 17. Nxe5 dxe5 18. Bxg4 Rad8 19. Qe2 Ng6 20. Rac1 Nf4
21. Bxf4 Qxf4 22. Bf3 Rfe8 23. Qe3 Bxe3 24. Rxe3 f5 25. g3 Qg5 26. h4 Qf6 27.
Rd1 fxe4 28. Nxe4 Qf7 29. d6 cxd6 30. Nxd6 Rxd6 31. Rxd6 Rf8 32. Bd5 Qxd5 33.
Rxd5 Rc8 34. Rdxe5 Rc2 35. Re2 Rc1+ 36. Kg2 Ra1 37. b3 Rd1 38. Re7 b6 39. R7e6
Rd7 40. Rxb6 Ra7 41. Ree6 a5 42. a4 Kf8 43. Re5 Kf7 44. Rbb5 Kf6 45. Rxa5 Rb7
46. Rab5 Ra7 47. a5 g6 48. Red5 Ke6 49. Rdc5 Kd6 50. b4 h5 51. Rb6+ Kd7 52. a6
Kd8 53. Rb7 Rxa6 54. Ra5 Rxa5 55. bxa5 Kc8 56. a6 g5 57. Rh7 {DuboisGabriel a
abandonné} 1-0

[Event "Champ FRA - Under 12"]
[Site "Europe Echecs"]
[Date "2020.07.08"]
[Round "7"]
[White "ChalonLouison"]
[Black "BourdelBaptist"]
[Result "1-0"]
[WhiteElo "1265"]
[BlackElo "1100"]
[PlyCount "111"]
[EventDate "2020.??.??"]

1. e4 e5 2. Nf3 Nf6 3. Nxe5 d6 4. Nf3 Nxe4 5. Bc4 Qe7 6. O-O Be6 7. Bxe6 fxe6
8. Re1 Nf6 9. d4 g6 10. Bg5 Bg7 11. d5 e5 12. Nc3 O-O 13. Ne4 Nbd7 14. Qe2 Qf7
15. Qb5 b6 16. Qc6 Rac8 17. Qb7 a5 18. Qc6 Kh8 19. Rad1 h6 20. Bxf6 Nxf6 21.
Nxf6 Qxf6 22. Qc4 Kh7 23. h3 Rfe8 24. b3 Re7 25. Rd3 Rce8 26. Rde3 Qf5 27. Nh4
Qf6 28. Rg3 g5 29. Qe4+ Kh8 30. Ng6+ Kg8 31. Nxe7+ Rxe7 32. Rf3 Qxf3 33. Qxf3
Kh8 34. Qg4 b5 35. Qc8+ Kh7 36. c4 bxc4 37. bxc4 e4 38. f3 e3 39. Qf5+ Kg8 40.
f4 Bd4 41. fxg5 e2+ 42. Kh1 Bc3 43. Qg6+ Kf8 44. Qxh6+ Ke8 45. Qh5+ Kd8 46.
Rxe2 Rxe2 47. Qxe2 Bg7 48. g6 Kd7 49. Qe6+ Kd8 50. Qf7 Bh6 51. g7 Kc8 52. g8=Q+
Kb7 53. Qfe8 Be3 54. Qb8+ Ka6 55. Qb5+ Ka7 56. Qgb8# {BourdelBaptist est
échec et mat} 1-0

[Event "Champ FRA - Under 12"]
[Site "Europe Echecs"]
[Date "2020.07.08"]
[Round "7"]
[White "RoySuvrojita"]
[Black "GuerinSasha"]
[Result "0-1"]
[WhiteElo "1080"]
[BlackElo "1236"]
[PlyCount "94"]
[EventDate "2020.??.??"]

1. e4 e6 2. d4 d5 3. exd5 exd5 4. Bd3 Nc6 5. Nf3 Nf6 6. Nc3 Be7 7. Be3 O-O 8.
O-O Nb4 9. Ne2 Nxd3 10. Qxd3 Ne4 11. h3 b6 12. Bf4 a5 13. Ne5 Ba6 14. Qe3 f6
15. Ng4 f5 16. Ne5 Bf6 17. Rfe1 Be7 18. Qf3 c5 19. dxc5 Bxc5 20. Bg3 Re8 21.
Rf1 Nxg3 22. Nc6 Bxe2 23. Nxd8 Bxf3 24. gxf3 Nxf1 25. Kxf1 Raxd8 26. Kg2 Re2
27. Rc1 Rxf2+ 28. Kg3 Re8 29. a3 Ree2 30. Kf4 Rxc2 31. Rxc2 Rxc2 32. Kxf5 Rxb2
33. Ke5 Bxa3 34. Kxd5 Rb3 35. Ke4 b5 36. f4 a4 37. f5 b4 38. Ke5 Rc3 39. h4 b3
40. h5 b2 41. h6 gxh6 42. f6 b1=Q 43. Ke6 Qe4+ 44. Kd7 Qf5+ 45. Ke8 Qxf6 46.
Kd7 Qd6+ 47. Ke8 Qe7# {RoySuvrojita est échec et mat} 0-1

[Event "Champ FRA - Under 12"]
[Site "Europe Echecs"]
[Date "2020.07.08"]
[Round "7"]
[White "BernardelliTho"]
[Black "BillmannAlexan"]
[Result "0-1"]
[WhiteElo "1079"]
[BlackElo "1229"]
[PlyCount "54"]
[EventDate "2020.??.??"]

1. d4 e6 2. Nf3 d5 3. Bg5 Be7 4. Bxe7 Nxe7 5. e3 Nbc6 6. Bd3 O-O 7. Bxh7+ Kxh7
8. Ng5+ Kg8 9. Qh5 Re8 10. Qh7+ Kf8 11. Qh8+ Ng8 12. Nh7+ Ke7 13. Ng5 Kd6 14.
Qxg7 Nge7 15. Qxf7 Rf8 16. Qf4+ Rxf4 17. exf4 Qf8 18. Nh7 Qxf4 19. O-O Bd7 20.
Re1 Rh8 21. Nd2 Nxd4 22. Nf3 Nxf3+ 23. gxf3 Rxh7 24. Kf1 Bb5+ 25. Re2 Rxh2 26.
Rae1 Rh1+ 27. Kg2 Qh2# {BernardelliTho est échec et mat} 0-1

[Event "Champ FRA - Under 12"]
[Site "Europe Echecs"]
[Date "2020.07.08"]
[Round "7"]
[White "EbelePierre"]
[Black "GarrigueMahel"]
[Result "1-0"]
[WhiteElo "1053"]
[BlackElo "1212"]
[PlyCount "57"]
[EventDate "2020.??.??"]

1. e4 e5 2. Nf3 Nc6 3. d4 exd4 4. Nxd4 Nxd4 5. Qxd4 Nf6 6. Nc3 d6 7. Bc4 Be7 8.
O-O O-O 9. Bd2 Bg4 10. Qe3 c6 11. Qg3 Be6 12. Bxe6 fxe6 13. Bh6 g6 14. Bxf8
Kxf8 15. Rfe1 d5 16. e5 Nh5 17. Qf3+ Kg7 18. Rad1 Bg5 19. Ne2 Qe7 20. Ng3 Rf8
21. Nxh5+ gxh5 22. Qxh5 Kg8 23. Rf1 Qg7 24. g3 Qxe5 25. h4 Bf6 26. Qg4+ Kh8 27.
f4 Qe3+ 28. Kh2 Qe2+ 29. Qxe2 {GarrigueMahel a abandonné} 1-0